[Event "NATO-ch 23nd"]
[Site "Brest"]
[Date "2012.10.01"]
[Round "1"]
[White "Bowers, Scott"]
[Black "Narman, Gokhan"]
[Result "1-0"]
[WhiteElo "1786"]
[BlackElo "2075"]
[PlyCount "85"]
[EventDate "2012.10.01"]
[EventType "swiss"]
[EventRounds "7"]
[EventCountry "FRA"]
[SourceTitle "CBM 150 Extra"]
[Source "ChessBase"]
[SourceDate "2012.10.19"]
[SourceVersion "1"]
[SourceVersionDate "2012.10.19"]
[SourceQuality "1"]

1. Nf3 Nf6 2. g3 d5 3. c4 c6 4. b3 Bg4 5. Bg2 e6 6. Bb2 Nbd7 7. d3 Be7 8. Nbd2 0-0 9. 0-0 a5 10. Rc1 a4 11. bxa4 Qa5 12. Rb1 Rfb8 13. h3 Bh5 14. Ne5 Qxa4 15. g4 Bg6 16. g5 Qxd1 17. Rfxd1 Bd6 18. Nxg6 hxg6 19. gxf6 gxf6 20. e4 Rxa2 21. exd5 exd5 22. cxd5 c5 23. Ne4 Be7 24. d6 Bd8 25. Nc3 Ra5 26. Ra1 Rxa1 27. Rxa1 Ne5 28. Nd5 Kg7 29. Be4 b5 30. f4 Nc6 31. Nxf6 Bxf6 32. Bxf6+ Kxf6 33. Bxc6 Ke6 34. d7 Kd6 35. Re1 Kxc6 36. Re8 Kxd7 37. Rxb8 b4 38. Kf2 Kc7 39. Ra8 Kc6 40. Ke2 Kd5 41. Kd2 Ke6 42. Rc8 Kf5 43. Ke3 1-0